Cultura libre: cómo los grandes medios usan la tecnología y las leyes para encerrar la cultura y controlar la creatividad

Guardat en:
Dades bibliogràfiques
Autor principal: Lessig, Lawrence (Autor)
Format: Llibre
Idioma:espanyol
Publicat: Santiago LOM 2005
Edició:1a. ed
Col·lecció:Colección Ciencias Humanas
Matèries:
Etiquetes: Afegir etiqueta
Sense etiquetes, Sigues el primer a etiquetar aquest registre!

MARC

LEADER 00000nam a2200000 a 4500
001 UCK7842
003 CL-VaPUC
008 051216e20050000CL |||||||||||||||||spa|d
020 |a 9562827453 
082 0 4 |a 346.048  |b LES  |2 21 
100 0 |a Lessig, Lawrence  |e author  |9 497504 
245 1 0 |a Cultura libre: cómo los grandes medios usan la tecnología y las leyes para encerrar la cultura y controlar la creatividad 
250 |a 1a. ed 
300 |a 265 p 
942 |c BK 
945 |d 20051216 00:00:00  |a jtorresc 
260 |a Santiago  |b LOM  |c 2005 
650 0 |a Derecho de autor  |9 332641 
650 0 |a Propiedad intelectual  |9 256126 
650 7 |a INNOVACIONES TECNOLOGICAS  |2 CL-VaPUC  |9 497505 
583 |a last modification  |c 20051216 00:00:00  |k Rodrigo Vera 
490 0 |a Colección Ciencias Humanas 
999 |c 315682  |d 315680 
952 |0 0  |1 0  |4 0  |6 346_048000000000000_LES_2005  |7 0  |8 A  |9 389278  |a BIBCUR  |b BIBCUR  |d 2019-11-22  |i 4193385  |o 346.048 LES 2005  |p 4193385  |r 2025-04-22  |w 2019-11-22  |y BK  |k MGC